Diseño del modelo de compras de la línea de cuidado personal de Corporación CEFA S.A
Guardado en:
| 主要作者: | |
|---|---|
| 其他作者: | , |
| 格式: | 圖書 |
| 出版: |
[San José, Costa Rica]
2007
|
| 主題: | |
| 標簽: |
添加標簽
沒有標簽, 成為第一個標記此記錄!
|
MARC
| LEADER | 00000nam a2200000Ia 4500 | ||
|---|---|---|---|
| 003 | 010306 | ||
| 005 | 20221231144103.0 | ||
| 008 | 140114s2007 cr a 000 ||s d | ||
| 040 | |c cru CEDI | ||
| 090 | |a TFG 5566 | ||
| 100 | |a Osorio Montero, Carlos |9 4555 | ||
| 245 | |a Diseño del modelo de compras de la línea de cuidado personal de Corporación CEFA S.A | ||
| 260 | |c 2007 |b [San José, Costa Rica] | ||
| 300 | |a 250 hojas; ilustraciones | ||
| 500 | |a Proyecto de graduación (licenciatura en ingeniería industrial)--Universidad de Costa Rica. Facultad de Ingeniería. Escuela de Ingeniería Industrial | ||
| 650 | |x CORPORACION CEFA S.A.(COSTA RICA) |x GESTION DE COMPRAS |x COMPRAS |x ADMINISTRACION |x CONTROL DE INVENTARIOS |x ADMINISTRACION INDUSTRIAL |9 4558 | ||
| 700 | |9 4556 |a Rojas Schlager, Sergio | ||
| 700 | |a Varela Brenes, Paolo |9 4559 | ||
| 942 | |c TFG | ||
| 999 | |c 16695 |d 16695 | ||
